Molekuláris onkológia onkológiai diagnosztika, nukleáris medicina /

Elmentve itt :
Bibliográfiai részletek
Szerzők: Besenyi Zsuzsanna
Pávics László
Dokumentumtípus: Vegyes gyűjtemény
Tárgyszavak:
Online Access:http://eta.bibl.u-szeged.hu/2684
LEADER 00765npc a2200193 i 4500
001 eta2684
005 20200319130741.0
008 200319suuuu hu o 0|| hun d
040 |a SZTE Elektronikus Tananyag Archívum  |b hun 
041 |a hun 
100 1 |a Besenyi Zsuzsanna 
245 1 0 |a Molekuláris onkológia   |h [elektronikus dokumentum] :  |b onkológiai diagnosztika, nukleáris medicina /  |c  Besenyi Zsuzsanna 
246 1 0 |a Diagnostic oncology, nuclear medicine  |h [elektronikus dokumentum] 
650 4 |a Orvos- és egészségtudomány 
650 4 |a Klinikai orvostan 
650 4 |a Radiológia, sugárgyógyászat és orvosi képalkotás 
650 4 |a Onkológia 
700 0 1 |a Pávics László  |e aut 
856 4 0 |u https://eta.bibl.u-szeged.hu/2684/2/5/index.html  |z Dokumentum-elérés